000 00921nam a22002897a 4500
003 CHAP
005 20220329141715.0
008 971013s1978 r 00010 d
010 _a72566
011 _a73538
035 _a83096
040 _cCHAP
082 _a517.5
_bB3Y
100 0 0 _aBaranenkov, G.
_910057
245 _aProblemas y ejercicios de análisis matemático
260 _aMadrid :
_bParaninfo,
_c1978
300 _a525 p.
590 _aBATCH-UPD
_b10
_c20130110
_lUCH01
_h0425
590 _aBATCH-UPD
_b10
_c20130410
_lUCH01
_h0059
590 _aCONVERSION
_b10
_c20130109
_lUCH01
_h1340
650 1 4 _aAnalisis matematico.
_95988
901 _aBK
942 _cLIBRO
949 _a517.5 B3Y
_bBC
_cLIBRO
_d33724000135406
_eLIBRO
_h55924
_i83096
_si
949 _a517.5 B3Y
_bBC
_cLIBRO
_d33724000135513
_eLIBRO
_fc.2
_h55925
_i83096
_si
949 _a517.5 B3Y
_bBC
_cLIBRO
_d33724000135802
_eLIBRO
_fc.3
_h55926
_i83096
_si
999 _c72566
_d72566